00719nam a22002292a 450000100060000000300080000600500170001400800410003103500510007204000320012304100080015508200210016310000510018424500530023525000190028826000410030730000270034850000280037550400510040365000150045465000200046931432BD-RjUL20211209051712.0140415r1971 ii b 000 0 eng d a(BD-RjUL)31519aOCLC ocm00657983 from D951002M aDLCcDLCdEQOdBD-RjULbeng aeng00a294.12bGRR 19711 aGriswold, H. D.q(Hervey De Witt),d1860-1945.14aThe religion of the Rigveda /cby H. D. Griswold a1st Indian ed. aDelhi :bMotilal Banarsidass,c1971. axxiv, 392 p. ;c22 cm. aFirst published in 1923 aIncludes bibliographical references and index. 0aBrahmanism 0aHindu mythology